[Event "ch-CHN 2017"]
[Site "Xinghua CHN"]
[Date "2017.05.01"]
[Round "8.3"]
[White "Wen Yang"]
[Black "Fang,Yan"]
[Result "1-0"]
[WhiteElo "2613"]
[BlackElo "2447"]

1.c4 c5 2.Nf3 g6 3.d4 cxd4 4.Nxd4 Bg7 5.e4 Nc6 6.Nc2 Nf6 7.Nc3 d6 8.Be2 O-O
9.O-O b6 10.Be3 Bb7 11.Qd2 Rc8 12.f3 Na5 13.Na3 Ba6 14.b3 e6 15.Nab5 d5
16.cxd5 exd5 17.e5 d4 18.exf6 dxe3 19.Qxd8 Rfxd8 20.fxg7 Bxb5 21.Nxb5 Rd2
22.Rfe1 Rcc2 23.Kf1 a6 24.Na3 Rxa2 25.Rxa2 Rxa2 26.b4 Rxa3 27.bxa5 Rxa5 28.Bd3
Kxg7 29.Rxe3 b5 30.Re7 Ra3 31.Be4 Kf6 32.Rb7 Ke6 33.Rb6+ Ke5 34.Bb7 Kd4 35.Kf2
Kc5 36.Rc6+ Kd5 {#r} 1-0

[Event "ch-CHN 2017"]
[Site "Xinghua CHN"]
[Date "2017.05.01"]
[Round "8.6"]
[White "Xu,Minghui"]
[Black "Lu Shanglei"]
[Result "0-1"]
[WhiteElo "2283"]
[BlackElo "2620"]

1.c4 e5 2.Nc3 Nc6 3.g3 Bc5 4.Bg2 a6 5.e3 d6 6.Nge2 Ba7 7.a3 h5 8.d4 h4 9.b4
Nf6 10.c5 d5 11.h3 hxg3 12.fxg3 e4 13.Kd2 Ne7 14.Kc2 c6 15.Bd2 Bb8 16.g4 g5
17.Qf1 Ng6 18.Be1 Be6 19.Bg3 Bxg3 20.Nxg3 Nh4 21.Qf2 Rh6 22.Bf1 Qc7 23.Be2 Ke7
24.Raf1 Rah8 25.Qg1 Ke8 26.Nf5 Bxf5 27.gxf5 Nh5 28.Qxg5 Ng3 29.Rhg1 Nxf1
30.Rxf1 f6 31.Qg1 Kf8 32.Rf4 Nf3 33.Bxf3 exf3 34.Rxf3 Rxh3 35.Qg4 Rh2+ 36.Kd3
Rg8 {#R} 0-1

[Event "ch-CHN w 2017"]
[Site "Xinghua CHN"]
[Date "2017.05.01"]
[Round "8.3"]
[White "Zhu,Ying"]
[Black "Yuan,Ye"]
[Result "0-1"]
[WhiteElo "2107"]
[BlackElo "2306"]

1.e4 c5 2.Nf3 e6 3.d4 cxd4 4.Nxd4 a6 5.Nc3 b5 6.Be3 Bb7 7.f3 Qc7 8.Qd2 Nf6
9.g4 b4 10.Na4 d5 11.g5 Nh5 12.exd5 Bxd5 13.c4 Bb7 14.Be2 Nc6 15.Rd1 Rd8
16.Qc1 Nxd4 17.Bxd4 Be7 18.Be3 Rxd1+ 19.Bxd1 Bd6 20.Qd2 O-O 21.O-O Nf4 22.Kh1
Qxc4 23.Re1 Nd5 24.Nb6 Qxa2 25.Be2 Nxe3 26.Qxe3 Qa5 27.Nc4 Qc5 28.Qxc5 Bxc5
29.Rd1 Bd5 30.Ne5 Ra8 31.Kg2 a5 32.Nd7 Be3 33.h4 a4 34.Ne5 a3 35.Ra1 Bd4
36.Nd3 axb2 {#R} 0-1

[Event "ch-CHN w 2017"]
[Site "Xinghua CHN"]
[Date "2017.05.01"]
[Round "8.5"]
[White "Xiao,Yiyi"]
[Black "Guo Qi"]
[Result "0-1"]
[WhiteElo "2290"]
[BlackElo "2413"]

1.d4 Nf6 2.c4 e6 3.Nf3 d5 4.Nc3 Bb4 5.cxd5 exd5 6.Bg5 h6 7.Bxf6 Qxf6 8.Qa4+
Nc6 9.e3 O-O 10.Be2 a6 11.a3 Bxc3+ 12.bxc3 b5 13.Qb3 Qd6 14.a4 Bf5 15.axb5
axb5 16.O-O b4 17.cxb4 Nxb4 18.Ne5 Rxa1 19.Rxa1 c5 20.Ra5 cxd4 21.exd4 Rc8
22.Qe3 Nc2 23.Qf4 Be6 24.Ra6 Nxd4 25.Bf1 Qb4 26.Nd3 Qc4 27.Rb6 Qc3 28.h3 Qa1
29.Qe3 Bd7 30.Nf4 Rc1 31.Qd3 Bf5 32.Qa6 g5 33.Qxa1 Rxa1 34.Nxd5 Bd3 35.Nf6+
Kg7 36.Nh5+ Kf8 37.Ng3 Bxf1 38.Nxf1 Ne2+ 39.Kh2 Rxf1 {#R} 0-1

[Event "ch-CHN w 2017"]
[Site "Xinghua CHN"]
[Date "2017.05.01"]
[Round "8.6"]
[White "Tan Zhongyi"]
[Black "Zhang,Lanlin"]
[Result "1-0"]
[WhiteElo "2508"]
[BlackElo "2080"]

1.d4 d5 2.c4 c6 3.Nf3 Nf6 4.Nc3 e6 5.Bg5 Nbd7 6.cxd5 cxd5 7.e3 Be7 8.Bd3 O-O
9.O-O b6 10.Qe2 Bb7 11.Rac1 Rc8 12.Ba6 Bxa6 13.Qxa6 Ne4 14.Bxe7 Qxe7 15.Nxd5
exd5 16.Rxc8 Rxc8 17.Qxc8+ Nf8 18.Rc1 Qb4 19.Ne5 Qxb2 20.Nd7 Qxf2+ 21.Kh1 h5
22.Qxf8+ Kh7 23.Qa3 h4 24.h3 Qg3 25.Qd3 g6 26.Rf1 Nf2+ 27.Rxf2 Qxf2 28.Qd1 f5
29.Nf6+ Kg7 30.Nxd5 Qxa2 31.Nf4 b5 32.d5 b4 33.d6 b3 34.d7 b2 35.Qd4+ {#r} 1-0

[Event "ch-CZE 2017"]
[Site "Ostrava CZE"]
[Date "2017.05.01"]
[Round "3.1"]
[White "Navara,D"]
[Black "Plat,V"]
[Result "1-0"]
[WhiteElo "2732"]
[BlackElo "2510"]

1.e4 c5 2.Nf3 g6 3.c4 Bg7 4.d4 cxd4 5.Nxd4 Nc6 6.Be3 Nf6 7.Nc3 d6 8.Be2 Nxd4
9.Qxd4 O-O 10.Qd2 Be6 11.Rc1 Qa5 12.b3 Rfc8 13.f3 a6 14.Na4 Qxd2+ 15.Kxd2 Nd7
16.g4 f5 17.gxf5 gxf5 18.Rhg1 Kh8 19.Bd3 Rf8 20.Rxg7 Kxg7 21.Rg1+ Kh8 22.Bd4+
Nf6 23.exf5 Bg8 24.Nb6 Rae8 25.Nd7 Rf7 26.Be4 {#r} 1-0

[Event "ch-CZE 2017"]
[Site "Ostrava CZE"]
[Date "2017.05.01"]
[Round "3.2"]
[White "Stocek,J"]
[Black "Kislinsky,A"]
[Result "1-0"]
[WhiteElo "2560"]
[BlackElo "2481"]

1.d4 Nf6 2.c4 c5 3.d5 g6 4.Nc3 Bg7 5.e4 d6 6.Nf3 O-O 7.Bg5 h6 8.Be3 e6 9.h3
exd5 10.cxd5 Re8 11.Bd3 c4 12.Bc2 b5 13.a3 Bd7 14.O-O Na6 15.Qd2 Kh7 16.Rfe1
Qb8 17.Bd4 b4 18.axb4 Nxb4 19.Bb1 Nh5 20.Bxg7 Nxg7 21.Qf4 f5 22.exf5 Rxe1+
23.Nxe1 gxf5 24.Qxc4 a5 25.Nf3 Qd8 26.Qd4 Be8 27.Bd3 Bh5 28.Ne1 Qg5 29.Nb5 Re8
30.Nxd6 Rd8 31.Qe5 Nxd3 32.Nxd3 f4 33.Ne4 Qxe5 34.Nxe5 {#r} 1-0

[Event "ch-CZE 2017"]
[Site "Ostrava CZE"]
[Date "2017.05.01"]
[Round "3.10"]
[White "Olsarova,K"]
[Black "Malinovsky,K"]
[Result "0-1"]
[WhiteElo "2245"]
[BlackElo "2479"]

1.e4 e5 2.Nf3 Nc6 3.Bb5 a6 4.Ba4 Nf6 5.O-O Be7 6.Re1 b5 7.Bb3 d6 8.c3 O-O 9.h3
Bb7 10.d4 Re8 11.Nbd2 Bf8 12.d5 Nb8 13.Nf1 Nbd7 14.N3h2 c6 15.dxc6 Bxc6 16.Bg5
Qc7 17.f3 a5 18.a3 Be7 19.Bxf6 Bxf6 20.Ne3 Nb6 21.Qe2 Rab8 22.Red1 Red8 23.Nd5
Bxd5 24.Bxd5 Qc5+ 25.Kh1 Bg5 26.Nf1 h5 27.f4 Bxf4 28.Qxh5 Nxd5 29.Rxd5 Qf2
30.b4 Qb2 31.Qd1 a4 32.Nd2 Qxc3 33.Nf3 g6 34.Qe1 Qb2 35.Qb1 Qxb1+ 36.Rxb1 Kf8
37.Kg1 Ke7 38.Kf2 Rdc8 39.Ne1 Rc4 40.g3 Bh6 41.Rbd1 Rb6 {#R} 0-1

[Event "ch-CZE 2017"]
[Site "Ostrava CZE"]
[Date "2017.05.01"]
[Round "3.11"]
[White "Rabatin,J"]
[Black "Jansa,Vl"]
[Result "0-1"]
[WhiteElo "2286"]
[BlackElo "2446"]

1.e4 c5 2.Nf3 e6 3.d4 cxd4 4.Nxd4 Nc6 5.Nc3 d6 6.Be3 Nf6 7.Qe2 a6 8.O-O-O Qc7
9.g4 Nxd4 10.Rxd4 b5 11.g5 Nd7 12.f4 Bb7 13.Bg2 Rc8 14.f5 e5 15.Rd2 Nb6
16.Bxb6 Qxb6 17.Nd5 Bxd5 18.Rxd5 Be7 19.h4 h6 20.f6 gxf6 21.gxf6 Bxf6 22.Rd3
Rg8 23.Kb1 Rc7 24.a3 Be7 25.Rhd1 Rg6 26.h5 Rg5 27.Bh3 Rg1 28.Rxg1 Qxg1+ 29.Rd1
Qc5 30.Bf1 Bg5 31.Rd3 Qb6 32.Qd1 Ke7 33.Bh3 a5 34.Bf1 b4 35.Be2 a4 36.Ka2 Rb7
37.axb4 Qxb4 38.Qa1 Qxe4 {#R} 0-1

[Event "ch-CZE 2017"]
[Site "Ostrava CZE"]
[Date "2017.05.01"]
[Round "3.12"]
[White "Biolek,R1"]
[Black "Vybiral,Z"]
[Result "1-0"]
[WhiteElo "2445"]
[BlackElo "2271"]

1.e4 c5 2.Nf3 Nc6 3.d4 cxd4 4.Nxd4 e5 5.Nb5 d6 6.N1c3 a6 7.Na3 Be7 8.Nc4 b5
9.Ne3 Nf6 10.g4 Be6 11.Bg2 Rc8 12.Ncd5 Bxd5 13.exd5 Na5 14.b3 g6 15.Bd2 Qb6
16.c3 Nd7 17.Nf1 Qd8 18.Ng3 Nb7 19.b4 Bg5 20.O-O Rc4 21.Be4 Bf4 22.Bd3 Bxd2
23.Qxd2 Rxg4 24.a4 h5 25.f3 Rf4 26.axb5 axb5 27.Kh1 Qb6 28.Qf2 Qc7 29.Bxb5 O-O
30.Ne2 Rf5 31.Bd3 Rf6 32.Qh4 Qb6 33.Qg5 Rc8 34.Ra6 Qd8 35.Be4 Rc4 36.Rg1 Kf8
37.Rc6 Nb6 38.Rxb6 {#r} 1-0

[Event "ch-CZE 2017"]
[Site "Ostrava CZE"]
[Date "2017.05.01"]
[Round "3.13"]
[White "Havlikova,K"]
[Black "Nguyen,Thai Dai Van"]
[Result "0-1"]
[WhiteElo "2251"]
[BlackElo "2441"]

1.e4 e6 2.d4 d5 3.Nc3 Nf6 4.e5 Nfd7 5.f4 c5 6.Nf3 Nc6 7.Be3 Be7 8.Qd2 O-O
9.dxc5 Nxc5 10.Nd4 Nxd4 11.Bxd4 b6 12.Bd3 f5 13.exf6 Bxf6 14.Bxf6 Qxf6 15.O-O
Qd4+ 16.Qf2 Rxf4 17.Qxd4 Rxd4 18.Ne2 Rb4 19.b3 Ba6 20.Bxa6 Nxa6 21.a3 Re4
22.Nc3 Re3 23.Nb5 Nc5 24.b4 Nd7 25.Rae1 Rxe1 26.Rxe1 Nf8 27.Re2 Kf7 28.Kf2 a6
29.Nd4 Rc8 30.Re3 Ke7 31.Ke2 Kd6 32.Kd2 g6 33.Nf3 Nd7 34.Ng5 Ne5 35.Rh3 h5
36.Rg3 Rf8 37.Ke2 Rf4 38.h3 h4 39.Rb3 Rf5 40.Nf3 Nxf3 41.gxf3 {#R} 0-1

[Event "ch-CZE 2017"]
[Site "Ostrava CZE"]
[Date "2017.05.01"]
[Round "3.14"]
[White "Sobek,J"]
[Black "Vykouk,Jan"]
[Result "0-1"]
[WhiteElo "2202"]
[BlackElo "2424"]

1.d4 Nf6 2.c4 e6 3.Nc3 Bb4 4.Qc2 O-O 5.a3 Bxc3+ 6.Qxc3 d6 7.Nf3 Nbd7 8.Qc2 e5
9.e3 b6 10.d5 a5 11.b3 Nc5 12.Bb2 Bg4 13.Be2 Bh5 14.O-O Qd7 15.Rfe1 Bg6 16.Qd1
h6 17.Ra2 Bh7 18.Ba1 g5 19.Nd2 Qf5 20.Nf1 Qg6 21.f4 Nfd7 22.Ng3 gxf4 23.exf4
exf4 24.Qd4 Ne5 25.Qxf4 Qg5 26.Bxe5 dxe5 27.Qf3 f5 28.Bf1 e4 29.Qc3 f4 30.Nh1
e3 31.Rb2 Rae8 {#R} 0-1

[Event "ch-CZE 2017"]
[Site "Ostrava CZE"]
[Date "2017.05.01"]
[Round "3.18"]
[White "Didi,J"]
[Black "Roubalik,J"]
[Result "0-1"]
[WhiteElo "2050"]
[BlackElo "2397"]

1.e4 c5 2.Nf3 d6 3.d4 cxd4 4.Nxd4 Nf6 5.Nc3 a6 6.Be2 e5 7.Nf3 Be7 8.Bg5 Nbd7
9.O-O O-O 10.a4 b6 11.Re1 Bb7 12.Bc4 Qc7 13.Bb3 Rac8 14.Rc1 Rfe8 15.h3 Qb8
16.Bxf6 Nxf6 17.Nd5 Rc5 18.Qd3 Bxd5 19.Bxd5 Rxd5 20.exd5 e4 21.Qxa6 exf3
22.Qb5 Qa7 23.b4 Rc8 24.c4 Bf8 25.Ra1 fxg2 26.Kxg2 Qc7 27.a5 bxa5 28.bxa5 Rb8
29.Qc6 Qd8 30.a6 Nh5 31.Re4 Qg5+ 32.Rg4 Nf4+ 33.Kh1 Qe5 34.Rag1 Qe4+ 35.Kh2
Qf3 36.Rxf4 Qxf4+ 37.Kg2 Rb3 38.Qc8 Qf3+ 39.Kh2 Qxf2+ {#R} 0-1

[Event "ch-CZE 2017"]
[Site "Ostrava CZE"]
[Date "2017.05.01"]
[Round "3.19"]
[White "Vavra,P1"]
[Black "Sikora,J"]
[Result "1-0"]
[WhiteElo "2390"]
[BlackElo "2204"]

1.d4 d5 2.Bf4 Nf6 3.e3 c5 4.Nf3 Nc6 5.Nbd2 Qb6 6.dxc5 Qxb2 7.Rb1 Qc3 8.Bb5 Ne4
9.O-O Nxd2 10.Nxd2 e6 11.e4 Be7 12.exd5 exd5 13.Re1 Qxc5 14.c4 Be6 15.Nb3 Qa3
16.cxd5 O-O-O 17.Rxe6 fxe6 18.Qg4 Qxa2 19.Qxe6+ Rd7 20.Rc1 {#r} 1-0

[Event "ch-CZE 2017"]
[Site "Ostrava CZE"]
[Date "2017.05.01"]
[Round "3.22"]
[White "Bartos,J"]
[Black "Blatny,P"]
[Result "0-1"]
[WhiteElo "2157"]
[BlackElo "2388"]

1.d4 b6 2.e4 Bb7 3.Nc3 e6 4.Bd3 g6 5.Nge2 Bg7 6.O-O Ne7 7.Be3 a6 8.Qd2 h6
9.Rad1 d6 10.f4 f5 11.exf5 gxf5 12.d5 Rg8 13.Rf2 exd5 14.Bd4 c5 15.Bxg7 Rxg7
16.Ng3 d4 17.Nxf5 Nxf5 18.Bxf5 dxc3 19.Qe2+ Kf8 20.Qe6 Nc6 21.Qxh6 Qe8 22.Rxd6
Nd4 23.Qh8+ Kf7 24.Rd7+ Qxd7 25.Qh5+ Kg8 26.Bxd7 cxb2 27.Qd1 Rxd7 28.Qb1 Re8
29.h3 Rg7 30.Kh2 Bxg2 31.Qxb2 Re1 {#R} 0-1

[Event "ch-CZE 2017"]
[Site "Ostrava CZE"]
[Date "2017.05.01"]
[Round "3.23"]
[White "Kozusek,Daniel"]
[Black "Kanakova,Natalie"]
[Result "1-0"]
[WhiteElo "2264"]
[BlackElo "2112"]

1.d4 Nf6 2.c4 e6 3.g3 c5 4.d5 exd5 5.cxd5 d6 6.Nc3 g6 7.Bg2 Bg7 8.Nf3 O-O
9.O-O Re8 10.Bf4 Ne4 11.Nxe4 Rxe4 12.Nd2 Rxf4 13.gxf4 Bxb2 14.Rb1 Bg7 15.e4
Nd7 16.Re1 Bh6 17.e5 Bxf4 18.e6 Ne5 19.Re4 Bh6 20.f4 f5 21.fxe5 fxe4 22.Qf1
Qf8 23.Qxf8+ Bxf8 24.Nxe4 dxe5 25.Bh3 b6 26.Rf1 Ba6 27.Rf7 Bg7 28.d6 Bb5 29.d7
c4 30.Nd6 Bxd7 31.Rxd7 c3 32.e7 Bh6 33.Rd8+ Kg7 34.Rxa8 c2 35.Rc8 Be3+ 36.Kg2
Bc5 37.e8=Q {#r} 1-0

[Event "ch-CZE 2017"]
[Site "Ostrava CZE"]
[Date "2017.05.01"]
[Round "3.26"]
[White "Malik,J"]
[Black "Kabelka,Ondrej"]
[Result "1-0"]
[WhiteElo "2290"]
[BlackElo "2069"]

1.e4 e6 2.d4 d5 3.Nd2 c5 4.exd5 Qxd5 5.Ngf3 cxd4 6.Bc4 Qd7 7.O-O Nc6 8.Nb3 Nf6
9.Nbxd4 Nxd4 10.Nxd4 a6 11.c3 b5 12.Bb3 Bb7 13.Re1 Be7 14.Bg5 Bd5 15.Bxf6 gxf6
16.Qh5 e5 17.Nf5 Rg8 18.Bxd5 Qxd5 19.Ne3 Qe6 20.Qxh7 Rg6 21.Rad1 Bf8 22.f4 Rh6
23.Qe4 Rc8 24.fxe5 Bc5 25.Kh1 fxe5 26.Nf5 Rg6 27.Qxe5 {#r} 1-0

[Event "ch-CRO 2017"]
[Site "Valpovo CRO"]
[Date "2017.05.01"]
[Round "7.3"]
[White "Kozul,Z"]
[Black "Zelcic,R"]
[Result "0-1"]
[WhiteElo "2631"]
[BlackElo "2500"]

1.d4 Nf6 2.c4 e6 3.g3 d5 4.Bg2 dxc4 5.Nf3 Bb4+ 6.Bd2 a5 7.O-O O-O 8.Qc2 Bxd2
9.Nbxd2 b5 10.a4 c6 11.b3 cxb3 12.Nxb3 b4 13.e4 Nbd7 14.Qxc6 Ra6 15.Qc2 Bb7
16.Ne5 Qa8 17.Nxd7 Nxd7 18.d5 exd5 19.exd5 Nf6 20.Nc5 Rc8 21.Bh3 Rc7 22.Qc4
Nxd5 23.Rfd1 Qf8 24.Qxa6 Bxa6 25.Nxa6 Rc6 26.Rxd5 Rxa6 27.Rc1 Ra8 28.Rdc5 f5
29.Bxf5 Qd6 30.Rc6 Qe5 31.Be6+ Kf8 32.R1c5 Qe1+ 33.Kg2 Qe4+ 34.f3 Qe2+ 35.Kh3
g6 36.Bd5 Rd8 37.Rxa5 Kg7 38.Re6 Qf1+ {#R} 0-1

[Event "ch-LAT 2017"]
[Site "Riga LAT"]
[Date "2017.05.01"]
[Round "2.8"]
[White "Krivonosov,O"]
[Black "Skuja,A"]
[Result "1-0"]
[WhiteElo "2448"]
[BlackElo "2099"]

1.Nf3 Nf6 2.c4 g6 3.Nc3 Bg7 4.e4 d6 5.d4 O-O 6.Be2 Bg4 7.Be3 Nfd7 8.Ng1 Bxe2
9.Ngxe2 c5 10.O-O Nc6 11.Qd2 cxd4 12.Nxd4 Nde5 13.b3 Ng4 14.Nxc6 bxc6 15.Bd4
Bh6 16.Qe2 e5 17.Qxg4 exd4 18.Na4 Bg7 19.Rad1 f5 20.exf5 gxf5 21.Qf3 c5
22.Rfe1 Rf6 23.Nb2 a5 24.Re2 Ra7 25.Rde1 Rf8 26.Nd3 f4 27.Qd5+ Kh8 28.Nxf4 Qf6
29.g3 Bh6 30.Re6 Qg7 31.Nh5 Qf7 32.f4 Bg7 33.Nxg7 Qxg7 34.Qxd6 Rd7 35.Qxc5 d3
36.Qe5 d2 37.Rd1 a4 38.bxa4 Qxe5 39.Rxe5 Rc8 40.Re2 {#r} 1-0

[Event "ch-LAT 2017"]
[Site "Riga LAT"]
[Date "2017.05.01"]
[Round "2.12"]
[White "Miezis,N"]
[Black "Pavlovs,S"]
[Result "1-0"]
[WhiteElo "2468"]
[BlackElo "2077"]

1.c4 e6 2.e4 d5 3.exd5 exd5 4.cxd5 Nf6 5.Nc3 Nxd5 6.Nf3 Be7 7.d4 O-O 8.Bd3 Bg4
9.Be4 Be6 10.O-O c6 11.Re1 Nf6 12.Bc2 Na6 13.a3 Nc7 14.Bf4 Ncd5 15.Be5 Qd7
16.Bg3 Bg4 17.Qd3 Rfe8 18.Ne5 Qc8 19.Nxd5 cxd5 20.Nxg4 Qxg4 21.Ba4 Nd7 22.h3
{#r} 1-0

[Event "ch-LAT 2017"]
[Site "Riga LAT"]
[Date "2017.05.01"]
[Round "2.13"]
[White "Krustkalns,K"]
[Black "Beks,Edmunds"]
[Result "1-0"]
[WhiteElo "2201"]
[BlackElo "2058"]

1.e4 e5 2.Nf3 Nf6 3.Nxe5 d6 4.Nf3 Nxe4 5.d3 Nf6 6.d4 d5 7.Bd3 Bd6 8.O-O O-O
9.Bg5 Nc6 10.c3 Bg4 11.Nbd2 Be7 12.Qc2 h6 13.Bh4 Re8 14.Rfe1 Nh5 15.Bxe7 Rxe7
16.Bh7+ Kf8 17.Bf5 Bxf3 18.Nxf3 Qd6 19.Rxe7 Nxe7 20.Ne5 g6 21.Bd3 c5 22.Qd2
Kg7 23.Qxh6+ Kg8 24.Nf3 c4 25.Bc2 b5 26.Re1 Rb8 27.Ng5 Nf6 28.Qh8+ {#r} 1-0

[Event "ch-LAT 2017"]
[Site "Riga LAT"]
[Date "2017.05.01"]
[Round "2.16"]
[White "Daudzvardis,J"]
[Black "Horobrijs,Daniils"]
[Result "1-0"]
[WhiteElo "2114"]
[BlackElo "1826"]

1.f4 d5 2.Nf3 c5 3.g3 g6 4.Bg2 Bg7 5.O-O Nf6 6.d3 O-O 7.Nc3 Nc6 8.e4 dxe4
9.dxe4 Be6 10.e5 Nd5 11.Ne4 Qb6 12.Nfg5 Nc7 13.c3 Bc4 14.Re1 h6 15.Nh3 Rad8
16.Qf3 Ne6 17.Qf2 Qc7 18.b3 Bd5 19.Be3 b6 20.Rad1 Rd7 21.Qc2 Rfd8 22.Nhf2 f5
23.exf6 exf6 24.c4 Ned4 25.Bxd4 Nxd4 26.Nxf6+ Bxf6 27.Qxg6+ Bg7 28.cxd5 Re7
29.Ne4 Rf7 30.Nf2 Re7 31.Ng4 Rd6 32.Qd3 h5 33.Nf2 Rh6 34.Ne4 Nf5 35.Bh3 Bd4+
36.Kg2 Nd6 37.Be6+ Kf8 38.Ng5 h4 39.Qf3 h3+ 40.Bxh3 Rxe1 41.Rxe1 {#r} 1-0

[Event "ch-LAT 2017"]
[Site "Riga LAT"]
[Date "2017.05.01"]
[Round "2.17"]
[White "Polyakov,Fedor"]
[Black "Feldmanis,Arturs"]
[Result "0-1"]
[WhiteElo "2086"]
[BlackElo "1752"]

1.d4 Nf6 2.c4 c5 3.d5 b5 4.cxb5 a6 5.b6 d6 6.Nc3 Nbd7 7.e4 g6 8.Nf3 Bg7 9.Nd2
Nxb6 10.a4 a5 11.Bb5+ Bd7 12.O-O O-O 13.Qe2 Bxb5 14.Nxb5 Qd7 15.Nc4 Nxa4
16.Nc3 Nxc3 17.bxc3 Qb5 18.Bg5 Rfb8 19.f4 a4 20.Qd3 Qa6 21.e5 dxe5 22.fxe5 Nd7
23.Bxe7 Nb6 24.Rf4 Nxc4 25.Rxc4 a3 26.Bxc5 a2 27.Bb4 Bxe5 28.Rd4 Qxd3 29.Rxd3
Rxb4 30.Rxa2 Rb1+ {#R} 0-1

[Event "ch-LAT 2017"]
[Site "Riga LAT"]
[Date "2017.05.01"]
[Round "3.7"]
[White "Meskovs,N"]
[Black "Tokranovs,Dmitrijs"]
[Result "0-1"]
[WhiteElo "2510"]
[BlackElo "2227"]

1.Nf3 c5 2.g3 d5 3.Bg2 Nc6 4.O-O e5 5.c4 dxc4 6.Qa4 Bd6 7.Na3 Ne7 8.Nxc4 O-O
9.d3 Rb8 10.Qc2 Bc7 11.a3 h6 12.e4 Be6 13.Be3 b6 14.Rfe1 Qd7 15.Qc3 f6 16.a4
Rfd8 17.Red1 a5 18.Rd2 Nb4 19.Ne1 Nec6 20.f4 Nd4 21.f5 Bf7 22.Bf3 Nxd3 23.Rxd3
Nxf3+ 24.Kf2 Nd4 25.Nd2 Qc6 26.b3 b5 27.axb5 Rxb5 28.Ra3 Qb7 29.Nef3 Rb8
30.Bxd4 cxd4 31.Qa1 Qc6 32.Ne1 Bd6 33.Ra2 Bb4 34.Nef3 Bc3 {#R} 0-1

[Event "ch-LAT 2017"]
[Site "Riga LAT"]
[Date "2017.05.01"]
[Round "3.8"]
[White "Krustkalns,K"]
[Black "Miezis,N"]
[Result "0-1"]
[WhiteElo "2201"]
[BlackElo "2468"]

1.e4 c5 2.Nc3 e6 3.g3 Nc6 4.Bg2 g6 5.d3 Bg7 6.Be3 d6 7.f4 Nge7 8.Nf3 Nd4 9.O-O
e5 10.Qd2 O-O 11.a4 Bg4 12.Ne1 Qd7 13.Bxd4 cxd4 14.Ne2 Bh6 15.c4 dxc3 16.Nxc3
f5 17.Nc2 Rae8 18.Ne3 Bh5 19.Ncd5 Nc6 20.Rac1 Kh8 21.Rc4 Qg7 22.Kh1 a5 23.Rcc1
exf4 24.Nxf4 Nd4 25.Nxh5 gxh5 26.Rce1 h4 27.Qxa5 fxe4 28.Rxf8+ Rxf8 29.dxe4
hxg3 30.h3 Nf3 31.Re2 Nh4 32.Nf5 Nxf5 33.exf5 Qg5 34.Qe1 Qxf5 35.Qxg3 Bf4
36.Qf3 Qb1+ 37.Qf1 Qg6 38.Qf3 Bh6 39.Qe4 Qg3 40.Qg4 Qd3 41.Qe4 Qb3 42.Qd5 Rf1+
{#R} 0-1

[Event "ch-LAT 2017"]
[Site "Riga LAT"]
[Date "2017.05.01"]
[Round "3.9"]
[White "Berzinsh,R"]
[Black "Smilga,K"]
[Result "1-0"]
[WhiteElo "2428"]
[BlackElo "2131"]

1.e4 c5 2.Nf3 e6 3.g3 Nc6 4.Bg2 Qc7 5.O-O Nf6 6.Re1 Be7 7.c3 O-O 8.d4 cxd4
9.cxd4 d5 10.e5 Ne4 11.Nbd2 Nxd2 12.Bxd2 Qb6 13.Bc3 Bd7 14.Qd2 a5 15.h4 a4
16.Ng5 h6 17.Nh3 a3 18.Rab1 Bb4 19.Red1 Rfb8 20.Nf4 Be7 21.bxa3 Qa7 22.Bf1
Bxa3 23.Bd3 Be7 24.Bc2 Qa6 25.Rb2 Qc4 26.Bd3 Qa4 27.Bb1 Kf8 28.Qd3 Ke8 29.Rb3
Qc4 30.Qh7 Bf8 31.Bb2 Qa4 32.Qh8 Na5 33.Ba3 Kd8 34.Qxf8+ Be8 35.Qe7+ Kc8
36.Rc1+ Nc4 37.Nxd5 exd5 38.Bf5+ Bd7 39.Qe8+ Kc7 40.Bd6+ {#r} 1-0

[Event "ch-LAT 2017"]
[Site "Riga LAT"]
[Date "2017.05.01"]
[Round "3.11"]
[White "Feldmanis,Arturs"]
[Black "Jankovskis,G"]
[Result "0-1"]
[WhiteElo "1752"]
[BlackElo "2266"]

1.d4 Nf6 2.c4 g6 3.Nc3 Bg7 4.e4 d6 5.f4 O-O 6.Nf3 c5 7.d5 e6 8.Be2 exd5 9.cxd5
Re8 10.e5 dxe5 11.fxe5 Ng4 12.e6 fxe6 13.d6 Nc6 14.Nb5 Qb6 15.d7 Bxd7 16.Qxd7
c4 17.Rf1 Qxb5 18.Nd2 Nge5 19.Qd6 Rad8 20.Qa3 Nd3+ {#R} 0-1

[Event "ch-LAT 2017"]
[Site "Riga LAT"]
[Date "2017.05.01"]
[Round "3.12"]
[White "Meijers,V"]
[Black "Kolasa,Pjotrs"]
[Result "1-0"]
[WhiteElo "2490"]
[BlackElo "1936"]

1.c4 e5 2.b3 Nc6 3.Bb2 Nf6 4.g3 g6 5.Bg2 d6 6.Nc3 Bg7 7.a3 Be6 8.e3 O-O 9.Nge2
a5 10.O-O Qd7 11.Re1 Bh3 12.Bh1 Nh5 13.d4 Rae8 14.dxe5 Nxe5 15.Nd4 Qc8 16.Qd2
Bd7 17.Nd5 a4 18.f4 Ng4 19.b4 Nhf6 20.e4 Nxd5 21.cxd5 f5 22.h3 Nh6 23.e5 dxe5
24.fxe5 Qa8 25.Rac1 Qa7 26.e6 Bc8 27.Rxc7 Bf6 28.Qxh6 Bxd4+ 29.Kh2 Bg1+
30.Rxg1 Qf2+ 31.Bg2 {#r} 1-0

[Event "ch-LAT 2017"]
[Site "Riga LAT"]
[Date "2017.05.01"]
[Round "3.13"]
[White "Skuja,A"]
[Black "Mierins,Eriks"]
[Result "1-0"]
[WhiteElo "2099"]
[BlackElo "2150"]

1.e4 e5 2.Bc4 Nc6 3.Nf3 Bc5 4.b4 Bxb4 5.c3 Ba5 6.d4 exd4 7.O-O Nf6 8.e5 d5
9.exf6 dxc4 10.Re1+ Be6 11.fxg7 Rg8 12.Ng5 Qf6 13.Nxe6 fxe6 14.Qh5+ Kd7 15.Bh6
Rae8 16.Re4 e5 17.cxd4 Nxd4 18.Na3 b5 19.Rd1 Re6 20.Rdxd4+ exd4 21.Qd5+ Ke7
22.Bg5 Rxe4 23.Qxe4+ Kf7 24.Bxf6 Kxf6 25.Qxd4+ {#r} 1-0

[Event "ch-LAT 2017"]
[Site "Riga LAT"]
[Date "2017.05.01"]
[Round "3.14"]
[White "Semjonovs,Ilja"]
[Black "Bekasovs,Rihards"]
[Result "1-0"]
[WhiteElo "2122"]
[BlackElo "2023"]

1.e4 e6 2.d4 d5 3.Nc3 Bb4 4.exd5 exd5 5.Bd3 Nc6 6.a3 Bxc3+ 7.bxc3 Nge7 8.Qf3
O-O 9.Ne2 Ng6 10.h4 Re8 11.Bg5 f6 12.Be3 Be6 13.h5 Nf8 14.g4 Qd7 15.Rg1 h6
16.Rg3 Nh7 17.Qg2 Re7 18.Kd2 Ng5 19.f4 Ne4+ 20.Bxe4 dxe4 21.Rg1 Na5 22.g5 Nc4+
23.Ke1 fxg5 24.fxg5 hxg5 25.Bxg5 Rf7 26.Bh6 Kh7 27.Rxg7+ Rxg7 28.Bxg7 Bf5
29.Qg5 Kg8 30.Be5+ Kh7 31.Bf4 {#r} 1-0

[Event "ch-LAT 2017"]
[Site "Riga LAT"]
[Date "2017.05.01"]
[Round "3.16"]
[White "Avotins,Maigonis"]
[Black "Polyakov,Fedor"]
[Result "1-0"]
[WhiteElo "1972"]
[BlackElo "2086"]

1.e4 c5 2.Nf3 Nc6 3.d4 cxd4 4.Nxd4 Nf6 5.Nc3 e5 6.Ndb5 h6 7.Nd6+ Bxd6 8.Qxd6
Qe7 9.Qxe7+ Kxe7 10.Be3 d6 11.O-O-O Be6 12.h3 a6 13.f4 b5 14.Nd5+ Bxd5 15.exd5
exf4 16.Bxf4 Nb4 17.Bd3 g6 18.Kb1 Kd7 19.Rhf1 Nfxd5 20.Be4 Nxf4 21.Bxa8 g5
22.g3 Rxa8 23.gxf4 g4 24.hxg4 Rg8 25.Rh1 Rxg4 26.Rxh6 Rg6 27.Rxg6 fxg6 28.c3
Nc6 29.Rg1 Ne7 30.Rg5 Ke6 31.Kc2 Kf6 32.Kb3 Nc6 33.a4 bxa4+ 34.Kxa4 Nd8 35.Rd5
Ke6 36.c4 Kd7 37.c5 Nf7 38.Ka5 Kc6 39.Rxd6+ {#r} 1-0

[Event "Queima das Fitas Open"]
[Site "Coimbra POR"]
[Date "2017.05.01"]
[Round "6.3"]
[White "Luch,M"]
[Black "Dias,I"]
[Result "1-0"]
[WhiteElo "2401"]
[BlackElo "2187"]

1.d4 Nf6 2.c4 g6 3.g3 Bg7 4.Bg2 O-O 5.Nc3 d6 6.Nf3 c5 7.O-O Nc6 8.d5 Na5 9.Nd2
a6 10.Qc2 b5 11.cxb5 axb5 12.Nxb5 Ba6 13.Nc3 Qb6 14.Rb1 Rfb8 15.b3 Nd7 16.Ba3
Qa7 17.Rfe1 Ne5 18.Nd1 Bb5 19.Bb2 Qa6 20.f4 Ng4 21.Bxg7 Kxg7 22.Qc3+ Nf6 23.e4
Kg8 24.e5 Ne8 25.Nf2 Nb7 26.a4 Bd7 27.e6 fxe6 28.dxe6 Bc6 29.Ng4 {#r} 1-0

[Event "Queima das Fitas Open"]
[Site "Coimbra POR"]
[Date "2017.05.01"]
[Round "6.4"]
[White "Fernandes,Miguel A. Murtinho"]
[Black "Rocha,S"]
[Result "1-0"]
[WhiteElo "2021"]
[BlackElo "2383"]

1.d4 d6 2.c4 e5 3.Nf3 e4 4.Nfd2 Nf6 5.e3 Bf5 6.Nc3 Qe7 7.Be2 g5 8.b4 Bg7 9.Bb2
O-O 10.Qb3 Nbd7 11.a4 Rfc8 12.c5 Nf8 13.Ba3 Ng6 14.b5 dxc5 15.Bxc5 Qd7 16.O-O
Re8 17.a5 Nh4 18.g3 Ng6 19.Rfc1 b6 20.Bb4 h5 21.axb6 axb6 22.Rxa8 Rxa8 23.Qc2
Re8 24.Ba3 h4 25.Ncb1 Bg4 26.Bf1 Qf5 27.Qxc7 Nd5 28.Qc2 Ngf4 29.gxf4 gxf4
30.Nxe4 Rxe4 31.Nd2 Bf3 32.Qc8+ Qxc8 33.Rxc8+ Kh7 34.Nxf3 Kh6 35.Rc6+ Kh5
36.Be2 Re8 37.Ne5+ Kg5 38.Nxf7+ Kf5 39.Nd6+ {#r} 1-0